Fabricación /
Investigación periodística que examina uno de los casos judiciales más polémicos de México: el supuesto secuestro y asesinato de Hugo Alberto Wallace Miranda. El autor reconstruye los hechos que rodean este caso, señalando inconsistencias, manipulaciones y posibles fabricaciones de pruebas por parte...
Guardat en:
| Autor principal: | |
|---|---|
| Format: | Llibre |
| Idioma: | espanyol |
| Publicat: |
México :
Seix Barral,
2025, c2025
|
| Col·lecció: | (Biblioteca Breve) [s.n.]
|
| Matèries: | |
| Etiquetes: |
Sense etiquetes, Sigues el primer a etiquetar aquest registre!
|
MARC
| LEADER | 00000nam^a2200000^a^4500 | ||
|---|---|---|---|
| 001 | 000621990 | ||
| 005 | 20250929000000.0 | ||
| 009 | 20260310133909.576 | ||
| 020 | |a 978-607-39-2201-2 | ||
| 037 | |a Acervo ITESO - Biblioteca | ||
| 041 | |a ESP | ||
| 082 | |a 320. 97207 |b RAP | ||
| 100 | |a Raphael de la Madrid, Ricardo |e (autor) | ||
| 245 | 1 | 0 | |a Fabricación / |c R. Raphael de la Madrid. |
| 264 | 4 | |a México : |b Seix Barral, |c 2025, c2025 | |
| 300 | |a 534 p. | ||
| 336 | |a texto |b txt |2 rdacontenido | ||
| 337 | |a sin mediación |b n |2 rdamedio | ||
| 338 | |a volumen |b nc |2 rdasoporte | ||
| 440 | 1 | |a (Biblioteca Breve) [s.n.] | |
| 520 | |a Investigación periodística que examina uno de los casos judiciales más polémicos de México: el supuesto secuestro y asesinato de Hugo Alberto Wallace Miranda. El autor reconstruye los hechos que rodean este caso, señalando inconsistencias, manipulaciones y posibles fabricaciones de pruebas por parte de autoridades judiciales y figuras públicas. El libro cuestiona el papel de Isabel Miranda de Wallace, madre de la víctima, quien habría utilizado su influencia mediática y política para sostener una narrativa que, según el autor, encubrió graves violaciones a los derechos humanos. | ||
| 649 | |a XX | ||
| 650 | |a Activistas Sociales Mexicanos | ||
| 650 | |a Mujeres Mexicanas | ||
| 650 | |a Secuestros - |z México (Ciudad) - |x Historia - |y 2000-2006 | ||
| 650 | |a Secuestros - |z México (Ciudad) - |x Historia - |y Siglo XXI | ||
| 650 | |a Secuestros - |z México - |x Tema Principal | ||
| 650 | |a Crimen Organizado - |z México | ||
| 650 | |a Delitos contra la Persona - |z México | ||
| 650 | |a Corrupción - |z México | ||
| 650 | |a Investigación del Delito - |z México | ||
| 650 | |a Derecho Penal - |z México | ||
| 650 | |a Política - |z México - |x Historia - |y 2000-2006 | ||
| 650 | |a Política - |z México - |x Historia - |y 2006-2012 | ||
| 650 | |a Política - |z México - |x Historia - |y Siglo XXI | ||
| 650 | |a Miranda de Wallace, Isabel - |x Tema Principal | ||
| 650 | |a Wallace Miranda, Hugo Alberto - |x Tema Principal | ||
| 910 | |a Fondo General | ||
| 920 | |a Impresos - Libros | ||
| 930 | |a Colección General | ||
| 905 | |a 101 | ||
| 901 | |a 621990-10 |b IT1 |c ACC |i C190640 |u 20250929 | ||
| 902 | |a https://opac.biblio.iteso.mx/vufind/Record/000621990 | ||